| 000 | 00884cam a2200265 a 4500 | ||
|---|---|---|---|
| 001 | 000019652 | ||
| 005 | 20200929170106.0 | ||
| 008 | 860616s1960 sp 001 e spa d | ||
| 040 |
_aDO-SdBNP _bspa _cDLC _dBNPHU |
||
| 082 |
_a864.5 _bE79e, 1960 |
||
| 100 | 1 |
_aEstébanez Calderón, Serafín, _d1799-1867 _940015 |
|
| 245 | 1 | 0 |
_aEscenas andaluzas / _cEstébanez Calderón. |
| 250 | _a4a ed. | ||
| 260 |
_aMadrid : _bEspasa-Calpe, _c1960. |
||
| 300 |
_a170 p. ; _c18 cm. |
||
| 490 | 1 |
_aAustral. Azul: novelas y cuentos en general _v188 |
|
| 500 | _aIncluye índice de autores | ||
| 650 | 4 |
_aEnsayo español _93923 |
|
| 650 | 4 |
_aLiteratura española _9632 |
|
| 651 | 4 |
_aAndalucía (España{Rpara} _xVida Social Y Costumbres _942101 |
|
| 830 | 0 |
_aAustral. _pAzul: novelas y cuentos en general _v188 _922386 |
|
| 910 | _aCatalogación derivada / LC | ||
| 910 | _aWM | ||
| 049 | _aBNGR | ||
| 999 |
_c19168 _d19168 |
||